000 00634nam a2200229Ia 4500
003 OSt
005 20220918192030.0
006 a|||||r|||| 00| 0
007 ta
008 220917b |||||||| |||| 00| 0 eng d
024 _a66,620
037 _cTextual
040 _aARTS
_cARTS
_beng
041 _2eng
_aeng
082 _aR3xK32:9, J6
100 _aYolton John W
_921211
245 0 _aJohn Locke and the way of ideas
260 _c1956
490 _aOxford classical and philosophical monographs , ed by E A Barber , etc , 1956
942 _hR3xK32:9, J6
_cTEXL
_2CC
999 _c192853
_d192853